Transnational corporations and India's non-traditional exports: a study of engineering from India (Record no. 501253)

000 -LEADER
fixed length control field 00397cam a22001097a 4500
008 - FIXED-LENGTH DATA ELEMENTS--GENERAL INFORMATION
fixed length control field 180718b1981 xxu||||| |||| 00| 0 eng d
082 ## - DEWEY DECIMAL CLASSIFICATION NUMBER
Classification number APPPA 80-81 MAN
100 ## - MAIN ENTRY--PERSONAL NAME
Personal name Mansingh, L.
245 ## - TITLE STATEMENT
Title Transnational corporations and India's non-traditional exports: a study of engineering from India
Statement of responsibility, etc. by L. Mansingh
260 ## - PUBLICATION, DISTRIBUTION, ETC.
Place of publication, distribution, etc. New Delhi
Name of publisher, distributor, etc. Indian Institute of Public Administration
Date of publication, distribution, etc. 1981
300 ## - PHYSICAL DESCRIPTION
Extent 83+p.
Holdings
Withdrawn status Lost status Damaged status Not for loan Permanent Location Current Location Date acquired Full call number Barcode Date last seen Price effective from Koha item type
        Indian Institute of Public Administration Indian Institute of Public Administration 2018-08-04 APPPA 80-81 MAN GR10664 2018-08-04 2018-08-04 GR

Powered by Koha